=LDR 00000nam 2200000 4500 =001 INLIS000000000011703 =005 20130612103239 =008 ***********************************Ind** =035 ##$$0010-061300000011703 =041 ##$$a Ind =082 ##$$a 658.562 =090 ##$$a 658.562, Kom-m =100 ##$$a Komaruddin =245 ##$$a Manejmen Pengawasan Kualitas terpadu suatu pengantar, komaruddin =260 ##$$a 1992 $b Jakarta =300 ##$$a xv, 136 hlm., ilus, 21 cm =650 ##$$a Kualitas =650 ##$$a Penagawasan =850 ##$$a NBPNMAT